000 00573nam a2200205 4500
003 SEACOMEC
005 20240903115630.0
008 240319b |||||||| |||| 00| 0 eng d
020 _a978- 93-325-4351-5
_cRs.700.00
040 _aSEACOMEC
041 _aEnglish
082 _a006.3
_bR967
100 _aRussell, J. Stuart
245 _aArtificial Intelligence
_b: A Modern Approach.
_c / Stuart J. Russell and Peter Norvig
250 _a3rd edition
260 _aUP
_bPearson
_c2021
300 _axviii, 1145p
_c27cm
650 _aArtificial intelligence
942 _cBOOK
999 _c833
_d833